000
00228nam a2200109Ia 4500
100
_a
#N/A
942
_c
BK
654
_a
mandrake linux community
245
_a
Mandrake Linux Community
260
_b
#N/A
_c
2005
546
_a
ENGLISH
999
_c
32171
_d
32171